00573pab a2200181 454500008004000000100001600040245008200056260000900138300001300147362001100160650002100171650001300192700001600205773003400221909001100255999001900266952010600285180718b2015 xxu||||| |||| 00| 0 eng d aMani, Sunil aDiffusion of broadband internet in India: trends, determinants and challenges c2015 ap.54-62. a19 Dec aInternet - India aInternet aSridhar, V. aEconomic and Political Weekly a109750 c109745d109745 00104070aIIPAbIIPAd2018-07-19hVolume no: 50, Issue no: 51pAR110210r2018-07-19w2018-07-19yAR